El deseo (Record no. 165870)
[ view plain ]
| 000 -LEADER | |
|---|---|
| campo de control de longitud fija | 00644nam a2200181 i 4500 |
| 001 - NÚMERO DE CONTROL | |
| campo de control | 165870 |
| 003 - IDENTIFICADOR DE NÚMERO DE CONTROL | |
| campo de control | ES-MaACL |
| 005 - FECHA Y HORA DE LA ÚLTIMA TRANSACCIÓN | |
| campo de control | 20230906213224.0 |
| 008 - DATOS DE LONGITUD FIJA--INFORMACIÓN GENERAL | |
| campo de control de longitud fija | 011030n1898 sp |||| | spa d |
| 040 ## - FUENTE DE CATALOGACIÓN | |
| Centro catalogador/agencia de origen | CYL |
| Lengua de catalogación | spa |
| Centro/agencia transcriptor | CYL |
| 100 1# - ENTRADA PRINCIPAL--NOMBRE DE PERSONA | |
| Nombre de persona | Sudermann, Hermann. |
| 9 (RLIN) | 108717 |
| 245 13 - MENCIÓN DEL TÍTULO | |
| Título | El deseo |
| Resto del título | : novela / |
| Mención de responsabilidad, etc. | Hermann Sudermann ; traducción de Constantino Piquer. |
| 260 ## - PUBLICACIÓN, DISTRIBUCIÓN, ETC. | |
| Lugar de publicación, distribución, etc. | Valencia : |
| Nombre del editor, distribuidor, etc. | F. Sempere : |
| -- | [El Pueblo, |
| Fecha de publicación, distribución, etc. | h. 1898] |
| 300 ## - DESCRIPCIÓN FÍSICA | |
| Extensión | 219 p. ; |
| Dimensiones | 18 cm. |
| 595 ## - | |
| -- | Del texto se deduce que esta obra pertenece al s. XIX. |
| 700 1# - ENTRADA AGREGADA--NOMBRE PERSONAL | |
| Nombre de persona | Piquer, Constantino. |
| 9 (RLIN) | 131177 |
| 852 ## - LOCALIZACIÓN | |
| Ubicación | ES-MaACL |
| Número de control de estantería | D-1006 |
| Nota libre | - Rúst. |
| Encuadernación | -- Completar T260: (El Pueblo) |
| Estatus retirado | Estado de pérdida | Estado de daño | No para préstamo | Colección | Biblioteca de origen | Biblioteca actual | Ubicación en estantería | Fecha de adquisición | Fuente de adquisición | Total de préstamos | Signatura topográfica completa | Código de barras | Visto por última vez | Precio de reemplazo | Tipo de ítem Koha |
|---|---|---|---|---|---|---|---|---|---|---|---|---|---|---|---|
| Libros del s. XIX | Biblioteca del Ateneo de Madrid | Biblioteca del Ateneo de Madrid | Sala Valle Inclán | 17/01/2008 | D-1006 | 901173948 | 23/02/2023 | 23/02/2023 | Libro impreso antiguo |
